| 000 | 00604nam a2200181 a 4500 | ||
|---|---|---|---|
| 001 | 001043405 | ||
| 003 | AM-YeHGA | ||
| 005 | 20250617150931.0 | ||
| 008 | 141028s1975 ||| r 000 0 rus d | ||
| 040 | _aAM-YeHGA | ||
| 041 | 0 | _arus | |
| 100 | 1 | _aШамшурин, Юрий Иванович | |
| 245 | 1 | 0 |
_aИзбранное : _bРассказы, повести / _cЮрий Шамшурин. |
| 260 |
_aЯкутск : _bЯкутское кн. изд-во, _c1975. |
||
| 300 |
_a471 с., : _bпортр., ил. |
||
| 653 | 0 | _aРусская советская литература | |
| 090 | _c342981 | ||
| 999 |
_c341196 _d341196 |
||